[Event "2 IECC, Ohrid"]
[Site "Ohrid MKD"]
[Date "2001.06.11"]
[Round "10.9"]
[White "Luther, Thomas"]
[Black "Graf, Alexander"]
[Result "1/2-1/2"]
[WhiteElo "2568"]
[BlackElo "2649"]
[EventDate "2001.06.01"]
[PlyCount "115"]

1.e4 e5 2.Nf3 Nc6 3.Bb5 a6 4.Ba4 Nf6 5.O-O Be7 6.Re1 b5 7.Bb3 d6 8.c3 O-O 
9.h3 Na5 10.Bc2 c5 11.d4 Qc7 12.Nbd2 Rd8 13.b3 Bd7 14.d5 Rdc8 15.Bb2 g6 
16.Bd3 Nh5 17.Bf1 Nb7 18.a3 Nd8 19.c4 Qb6 20.Bc3 b4 21.Bb2 f6 22.Bd3 a5 
23.a4 Nf7 24.Nf1 Kf8 25.Ng3 Nf4 26.Ne2 Nxd3 27.Qxd3 Ke8 28.Nh2 Kd8 29.f4 
Kc7 30.Rf1 Rg8 31.Ng4 Raf8 32.Rf2 Kb7 33.Raf1 Qd8 34.Ng3 Bxg4 35.hxg4 Qd7 
36.g5 exf4 37.Rxf4 Nxg5 38.Bxf6 Bxf6 39.Rxf6 Rxf6 40.Rxf6 Qe7 41.Qf1 Rg7 
42.Qf4 Rf7 43.e5 dxe5 44.Rxf7 Nxf7 45.Qe3 Kb6 46.Ne4 Nd8 47.d6 Qa7 48.Nxc5
Kc6 49.Qf3+ e4 50.Qxe4+ Kxd6 51.Qd4+ Ke7 52.Kh1 Qc7 53.Qe4+ Kf7 54.Qd5+ 
Kg7 55.Qd4+ Kg8 56.Qd5+ Kg7 57.Qd4+ Kg8 58.Qd5+ 1/2-1/2

[Event "2 IECC, Ohrid"]
[Site "Ohrid MKD"]
[Date "2001.06.11"]
[Round "10.10"]
[White "Volkov, Sergei"]
[Black "Dautov, Rustem"]
[Result "1-0"]
[WhiteElo "2558"]
[BlackElo "2631"]
[EventDate "2001.06.01"]
[PlyCount "99"]

1.d4 d5 2.c4 e6 3.Nc3 Be7 4.Nf3 Nf6 5.Bg5 O-O 6.e3 h6 7.Bxf6 Bxf6 8.Qb3 c6
9.Be2 Nd7 10.O-O Rb8 11.Rac1 b5 12.cxb5 cxb5 13.a3 a6 14.Na2 Bb7 15.Nb4 
Qb6 16.Nd3 Rfc8 17.Qa2 a5 18.b4 Qa7 19.Nc5 Nxc5 20.bxc5 Bc6 21.Rb1 Qc7 22.
Qd2 Rb7 23.Rb3 Rcb8 24.Rfb1 g6 25.h3 Bg7 26.Bd3 f5 27.Be2 Be8 28.Ne1 Bc6 
29.f4 Bf6 30.Nf3 Kh8 31.g3 g5 32.Kh2 Be8 33.Bd3 Bh5 34.Ne1 Be8 35.Bf1 h5 
36.fxg5 Bxg5 37.Kg2 h4 38.gxh4 Bxh4 39.Kh1 Bxe1 40.Qxe1 Qd8 41.R3b2 a4 42.
Rg2 Qf6 43.Qg3 Bc6 44.Bd3 Rf8 45.Rbg1 Rd7 46.Kh2 Kh7 47.Qf3 Re7 48.Rg5 Kh8
49.Qf4 Be8 50.Qh4+ 1-0

[Event "2 IECC, Ohrid"]
[Site "Ohrid MKD"]
[Date "2001.06.11"]
[Round "10.12"]
[White "Volokytin, Andriy"]
[Black "Macieja, Bartlomiej"]
[Result "1/2-1/2"]
[WhiteElo "2493"]
[BlackElo "2608"]
[EventDate "2001.06.01"]
[PlyCount "103"]

1.e4 c6 2.d4 d5 3.e5 Bf5 4.Nf3 e6 5.Be2 c5 6.Be3 Qb6 7.c4 Qxb2 8.Nbd2 Ne7 
9.O-O Nbc6 10.Nb3 O-O-O 11.Nxc5 dxc4 12.Bxc4 Nd5 13.Nd3 Qa3 14.Rc1 Be7 15.
Bxd5 Qxd3 16.Bxc6 Qxd1 17.Rfxd1 bxc6 18.d5 Rxd5 19.Rxd5 exd5 20.Nd4 Bd7 
21.Nxc6 Bxc6 22.Rxc6+ Kb7 23.Rc2 Rd8 24.Bd4 Rd7 25.f4 g6 26.g4 Bd8 27.Kf2 
Rc7 28.Rb2+ Kc8 29.Ke3 Rc4 30.Rb5 Ra4 31.Rc5+ Kd7 32.Rxd5+ Ke8 33.Rb5 Rxa2
34.Rb8 Kd7 35.Rb7+ Ke6 36.Ke4 Re2+ 37.Be3 f5+ 38.gxf5+ gxf5+ 39.Kd3 Rxh2 
40.Rxa7 Be7 41.Ra6+ Kd5 42.Ra5+ Ke6 43.Kd4 Rb2 44.Ra6+ Kf7 45.Kc3 Re2 46.
Kd3 Re1 47.e6+ Kg6 48.Bd4 h5 49.Be5 h4 50.Ra8 h3 51.Rh8 Bf6 52.Bxf6 
1/2-1/2

[Event "2 IECC, Ohrid"]
[Site "Ohrid MKD"]
[Date "2001.06.11"]
[Round "10.15"]
[White "Tkachiev, Vladislav"]
[Black "Sokolov, Andrei"]
[Result "1/2-1/2"]
[WhiteElo "2672"]
[BlackElo "2568"]
[EventDate "2001.06.01"]
[PlyCount "49"]

1.d4 Nf6 2.c4 e6 3.g3 d5 4.Nf3 dxc4 5.Bg2 c5 6.O-O Nc6 7.Ne5 Bd7 8.Na3 
cxd4 9.Naxc4 Bc5 10.Qb3 O-O 11.Bf4 Qc8 12.Nd3 Be7 13.Rfc1 Nd5 14.Nce5 Nxf4
15.gxf4 Rb8 16.Rc4 Bf6 17.Nxc6 Bxc6 18.Bxc6 bxc6 19.Qc2 Qe8 20.Rc5 Kh8 21.
Rc1 Rg8 22.Rxc6 e5 23.fxe5 Bxe5 24.Qc5 f6 25.Nxe5 1/2-1/2

[Event "2 IECC, Ohrid"]
[Site "Ohrid MKD"]
[Date "2001.06.11"]
[Round "10.16"]
[White "Azmaiparashvili, Zurab"]
[Black "Nevednichy, Vladislav"]
[Result "1-0"]
[WhiteElo "2670"]
[BlackElo "2563"]
[EventDate "2001.06.01"]
[PlyCount "107"]

1.g3 g6 2.Bg2 Bg7 3.d4 Nf6 4.e4 d6 5.Ne2 O-O 6.O-O e5 7.h3 exd4 8.Nxd4 Re8
9.Nc3 a6 10.Re1 c5 11.Nf3 Nc6 12.Bf4 Nd4 13.Nxd4 cxd4 14.Qxd4 Nxe4 15.Qe3 
Bf5 16.Nxe4 Bxe4 17.Bxe4 d5 18.Rad1 Rxe4 19.Qxe4 dxe4 20.Rxd8+ Rxd8 21.
Rxe4 Bxb2 22.Rb4 Bd4 23.Rxb7 Rc8 24.Rd7 Bf6 25.Rd6 Kg7 26.Rxa6 Rxc2 27.Be3
Rc4 28.Rd6 Ra4 29.Rd2 h5 30.Kf1 g5 31.Rc2 Kg6 32.Bc5 Be5 33.a3 Ra6 34.Ra2 
Ra4 35.Bb4 Kf5 36.Ke2 Ke4 37.f3+ Kd5 38.g4 hxg4 39.hxg4 Ra8 40.Kd3 Rh8 41.
Rc2 f6 42.Rc5+ Ke6 43.a4 Rd8+ 44.Ke2 Rd4 45.Rb5 Rc4 46.a5 Rc2+ 47.Kd3 Rf2 
48.a6 Rxf3+ 49.Kc4 Rf4+ 50.Kb3 Rf3+ 51.Ka4 Rh3 52.a7 Rh8 53.Ka5 Kd7 54.Ka6
1-0

[Event "2 IECC, Ohrid"]
[Site "Ohrid MKD"]
[Date "2001.06.11"]
[Round "10.19"]
[White "Alexandrov, Alexei"]
[Black "Moiseenko, Olexandr"]
[Result "1/2-1/2"]
[WhiteElo "2610"]
[BlackElo "2561"]
[EventDate "2001.06.01"]
[PlyCount "95"]

1.d4 Nf6 2.c4 e6 3.Nc3 Bb4 4.e3 b6 5.Ne2 Ne4 6.Qc2 Bb7 7.a3 Bxc3+ 8.Nxc3 
Nxc3 9.Qxc3 O-O 10.b3 d6 11.Bb2 Qh4 12.d5 e5 13.g3 Qe4 14.Rg1 Nd7 15.Bd3 
Qg4 16.Qc2 f5 17.h4 a5 18.Be2 Qg6 19.f3 Bc8 20.Bc3 e4 21.f4 Nf6 22.b4 axb4
23.axb4 Bd7 24.Rxa8 Rxa8 25.Bd4 Ng4 26.Qb2 Be8 27.Kf1 Nh2+ 28.Kf2 Nf3 29.
Bxf3 exf3 30.Kxf3 Qg4+ 31.Kg2 b5 32.Qc2 bxc4 33.Rf1 Bb5 34.Ra1 Rxa1 35.
Bxa1 c6 36.e4 cxd5 37.exd5 h6 38.Qc3 Qe2+ 39.Kg1 Qe7 40.Kf2 Qa7+ 41.Kg2 
Qe7 42.Bb2 Ba6 43.Kf2 h5 44.Ba1 Bb5 45.Bb2 Ba6 46.Qd2 Qe4 47.Qc3 Qe7 48.
Ba1 1/2-1/2

[Event "2 IECC, Ohrid"]
[Site "Ohrid MKD"]
[Date "2001.06.11"]
[Round "10.23"]
[White "Reinderman, Dimitri"]
[Black "Iordachescu, Viorel"]
[Result "1/2-1/2"]
[WhiteElo "2539"]
[BlackElo "2589"]
[EventDate "2001.06.01"]
[PlyCount "56"]

1.e4 c6 2.d4 d5 3.exd5 cxd5 4.c4 Nf6 5.Nc3 e6 6.Nf3 Bb4 7.Bd3 dxc4 8.Bxc4 
O-O 9.O-O a6 10.a4 Nc6 11.Bg5 h6 12.Bh4 Be7 13.Re1 Bd7 14.Qe2 Nh5 15.Bxe7 
Nxe7 16.Ne5 Nf6 17.Rad1 Qc7 18.Ba2 Rad8 19.Qd3 Bc6 20.Qc4 Rd6 21.b4 Qd8 
22.b5 Bd5 23.Nxd5 Nexd5 24.Qc5 Qb8 25.bxa6 Rxa6 26.Bxd5 exd5 27.Ra1 Qa8 
28.Qb4 Re8 1/2-1/2

[Event "2 IECC, Ohrid"]
[Site "Ohrid MKD"]
[Date "2001.06.11"]
[Round "10.24"]
[White "Sulskis, Sarunas"]
[Black "Delchev, Alexander"]
[Result "1-0"]
[WhiteElo "2530"]
[BlackElo "2584"]
[EventDate "2001.06.01"]
[PlyCount "57"]

1.e4 c5 2.Nf3 e6 3.b3 d6 4.Bb2 e5 5.Bb5+ Nd7 6.O-O Nf6 7.c3 Be7 8.Re1 O-O 
9.d4 Qc7 10.Bxd7 Bxd7 11.dxe5 dxe5 12.c4 Bd6 13.Nc3 a6 14.Qe2 Rab8 15.a4 
b6 16.h3 Rb7 17.Rad1 Qb8 18.g4 Ne8 19.Rd3 b5 20.axb5 axb5 21.cxb5 Bxb5 22.
Nxb5 Rxb5 23.Nd2 Bc7 24.Rc1 g6 25.Ba3 Ng7 26.Bxc5 Re8 27.Be3 Ne6 28.Rd7 
Bd8 29.Ba7 1-0

[Event "2 IECC, Ohrid"]
[Site "Ohrid MKD"]
[Date "2001.06.11"]
[Round "10.28"]
[White "Georgiev, Kiril"]
[Black "Istratescu, Andrei"]
[Result "1/2-1/2"]
[WhiteElo "2676"]
[BlackElo "2561"]
[EventDate "2001.06.01"]
[PlyCount "80"]

1.e4 c5 2.Nf3 d6 3.d4 cxd4 4.Nxd4 Nf6 5.Nc3 a6 6.Be3 e5 7.Nf3 Qc7 8.a4 b6 
9.Nd5 Nxd5 10.Qxd5 Nc6 11.Qd2 Be7 12.Bc4 O-O 13.Bd5 Be6 14.O-O Rac8 15.
Rac1 Nb8 16.Rfd1 Nd7 17.b3 Bxd5 18.Qxd5 Nf6 19.Qd3 d5 20.exd5 e4 21.d6 
exd3 22.dxc7 Ba3 23.Ra1 dxc2 24.Rf1 Bb4 25.Rfc1 Rxc7 26.Bxb6 Rb7 27.Be3 
Bc3 28.Ra2 Rxb3 29.Raxc2 Nd5 30.Nd2 Nxe3 31.Rxc3 Rb2 32.Nc4 Nxc4 33.Rxc4 
Ra2 34.g3 Re8 35.Rf4 Rae2 36.Kg2 Kf8 37.Rcc4 R2e6 38.h4 h5 39.Rc7 R8e7 40.
Rc8+ Re8 1/2-1/2

[Event "2 IECC, Ohrid"]
[Site "Ohrid MKD"]
[Date "2001.06.11"]
[Round "10.31"]
[White "Bezgodov, Alexei"]
[Black "Akopian, Vladimir"]
[Result "1/2-1/2"]
[WhiteElo "2543"]
[BlackElo "2654"]
[EventDate "2001.06.01"]
[PlyCount "80"]

1.e4 e6 2.d4 d5 3.Nc3 Nf6 4.Bg5 dxe4 5.Nxe4 Be7 6.Bxf6 Bxf6 7.Nf3 O-O 8.
Bc4 Nc6 9.c3 e5 10.d5 Ne7 11.Nxf6+ gxf6 12.Nh4 Ng6 13.g3 b5 14.Bb3 a5 15.
Qd2 f5 16.O-O-O Ra6 17.Ng2 a4 18.Bc2 a3 19.b4 Rd6 20.Ne3 Qf6 21.f4 Re8 22.
fxe5 Nxe5 23.Rhf1 Nc4 24.Nxc4 bxc4 25.Rf4 Re5 26.Rxc4 Rexd5 27.Qf4 Rxd1+ 
28.Bxd1 Be6 29.Rc5 Bxa2 30.Bc2 Be6 31.Rxc7 a2 32.Kb2 Qd8 33.Ra7 Rd2 34.b5 
h6 35.Qxh6 Rd5 36.c4 Rxb5+ 37.cxb5 Qd4+ 38.Kc1 Qxa7 39.Qg5+ Kf8 40.Qd8+ 
Kg7 1/2-1/2

[Event "2 IECC, Ohrid"]
[Site "Ohrid MKD"]
[Date "2001.06.11"]
[Round "10.35"]
[White "Tregubov, Pavel"]
[Black "Gershon, Alik"]
[Result "1/2-1/2"]
[WhiteElo "2628"]
[BlackElo "2539"]
[EventDate "2001.06.01"]
[PlyCount "79"]

1.d4 Nf6 2.c4 e6 3.Nf3 b6 4.g3 Ba6 5.Nbd2 c5 6.e4 cxd4 7.e5 Ng4 8.h3 Nh6 
9.Bg2 Nc6 10.O-O Nf5 11.a3 Be7 12.b4 Bb7 13.g4 Nh4 14.Nxh4 Bxh4 15.Ne4 Be7
16.Bg5 O-O 17.Bxe7 Nxe7 18.Qxd4 Bxe4 19.Bxe4 Rc8 20.f4 Qc7 21.Rac1 f5 22.
exf6 Rxf6 23.c5 Rcf8 24.Qd6 Qxd6 25.cxd6 Nd5 26.f5 Ne3 27.Rf3 exf5 28.gxf5
Nxf5 29.Bxf5 Rxf5 30.Rxf5 Rxf5 31.Rc7 Rf3 32.Rxa7 Rxh3 33.a4 Rh4 34.Rxd7 
Rxb4 35.Rb7 Rd4 36.Rxb6 Kf7 37.a5 Ke6 38.a6 Ra4 39.Kf2 g5 40.d7+ 1/2-1/2

[Event "2 IECC, Ohrid"]
[Site "Ohrid MKD"]
[Date "2001.06.11"]
[Round "10.39"]
[White "Kozul, Zdenko"]
[Black "Chernyshov, Konstantin"]
[Result "1-0"]
[WhiteElo "2595"]
[BlackElo "2536"]
[EventDate "2001.06.01"]
[PlyCount "165"]

1.Nf3 Nf6 2.g3 b6 3.Bg2 Bb7 4.O-O e6 5.d3 d5 6.Nbd2 Be7 7.e4 O-O 8.e5 Nfd7
9.Re1 c5 10.h4 Nc6 11.Nf1 Qc7 12.Bf4 d4 13.N1h2 Nb4 14.Bd2 Nd5 15.h5 h6 
16.Ng4 f5 17.exf6 N7xf6 18.Nfe5 Bd6 19.f4 Bxe5 20.Nxe5 Ne7 21.Bh3 Bd5 22.
Qe2 Nc6 23.Ng6 Rfe8 24.g4 Nd7 25.Qh2 Nf8 26.Re2 Qf7 27.Nxf8 Rxf8 28.Rae1 
Rae8 29.Bg2 Ne7 30.Be4 Bxe4 31.dxe4 Nc6 32.Rg2 Nb4 33.Bxb4 cxb4 34.Rf1 Qb7
35.Re2 e5 36.f5 Qe7 37.g5 Qxg5+ 38.Kh1 Qg4 39.Rfe1 Rf7 40.Rg2 Qf3 41.Kg1 
d3 42.cxd3 Qxd3 43.Rg3 Qd4+ 44.Kh1 Rd8 45.Rg2 Rd6 46.Qg3 Kf8 47.Rc2 Rd8 
48.Qg4 Qd7 49.Rg2 Rf6 50.Reg1 Rf7 51.Rc1 Qd6 52.Rcg1 Qf6 53.Qh3 Qc6 54.Qe3
Rd4 55.Re1 Rfd7 56.Rg6 R7d6 57.Qf3 Rf6 58.Rg4 Rd2 59.Reg1 Rf7 60.Qe3 Rxb2 
61.Qd3 Rd7 62.Qg3 Qc3 63.Rxg7 Qxg3 64.R7xg3 Rxa2 65.Rg8+ Ke7 66.R8g7+ Kd8 
67.Rg8+ Kc7 68.Rc1+ Kb7 69.f6 Rad2 70.Rcg1 Rf2 71.R8g7 Kc6 72.Rc1+ Kb5 73.
Rxd7 a5 74.f7 b3 75.Kg1 Rf4 76.Rf1 Rxf7 77.Rdxf7 a4 78.Kf2 a3 79.Ra7 Kb4 
80.Ke2 b2 81.Kd2 Kb3 82.Rxa3+ Kxa3 83.Kc2 1-0

[Event "2 IECC, Ohrid"]
[Site "Ohrid MKD"]
[Date "2001.06.11"]
[Round "10.40"]
[White "Georgiev, Vladimir"]
[Black "Goloshchapov, Alexander"]
[Result "1/2-1/2"]
[WhiteElo "2592"]
[BlackElo "2528"]
[EventDate "2001.06.01"]
[PlyCount "56"]

1.c4 e6 2.Nc3 d5 3.d4 c6 4.e3 f5 5.Bd3 Nf6 6.Nge2 Bd6 7.f3 O-O 8.O-O Kh8 
9.Qc2 dxc4 10.Bxc4 e5 11.Bd3 Nd5 12.a3 Qe7 13.Bd2 Nxc3 14.bxc3 Be6 15.Rae1
Nd7 16.c4 e4 17.fxe4 fxe4 18.Bxe4 Bxc4 19.Rxf8+ Rxf8 20.Nf4 Bg8 21.a4 Nf6 
22.Bf5 Nd5 23.Nxd5 Bxd5 24.g3 Bxg3 25.hxg3 Qg5 26.g4 Qh4 27.e4 Qg3+ 28.Kh1
Qh3+ 1/2-1/2

[Event "2 IECC, Ohrid"]
[Site "Ohrid MKD"]
[Date "2001.06.11"]
[Round "10.42"]
[White "Nielsen, Peter Heine"]
[Black "Cvitan, Ognjen"]
[Result "0-1"]
[WhiteElo "2585"]
[BlackElo "2526"]
[EventDate "2001.06.01"]
[PlyCount "130"]

1.d4 Nf6 2.c4 e6 3.Nc3 Bb4 4.e3 c5 5.Ne2 d5 6.a3 Bxc3+ 7.Nxc3 cxd4 8.exd4 
dxc4 9.Bxc4 Nc6 10.Be3 O-O 11.O-O h6 12.Bd3 Bd7 13.Re1 Ne7 14.Qf3 Ned5 15.
Nxd5 Nxd5 16.Qe4 f5 17.Qe5 Rc8 18.Bd2 Qc7 19.h3 Qb6 20.b4 Qc7 21.b5 Qxe5 
22.Rxe5 Nf6 23.f3 Rfd8 24.Rae1 Rc7 25.Rc1 Rxc1+ 26.Bxc1 b6 27.g4 Bc8 28.
Bb2 fxg4 29.hxg4 Kf7 30.Bc4 Rd6 31.a4 g6 32.Kf2 Nd5 33.Kg3 g5 34.Re2 Bb7 
35.Rh2 Kg7 36.Bb3 Rd7 37.Rc2 Kf7 38.Bc1 Kf6 39.Bd2 Kg7 40.a5 Rc7 41.Rb2 
Kf6 42.axb6 axb6 43.Rb1 Rc8 44.Rh1 Kg7 45.Ra1 Ra8 46.Rxa8 Bxa8 47.Kf2 Kf7 
48.Ke2 Bb7 49.Be1 Nf4+ 50.Kd2 Bxf3 51.Bg3 Bxg4 52.Ke3 Kf6 53.Bc4 Kf5 54.
Bd3+ Nxd3 55.Kxd3 Bh3 56.Bc7 Bf1+ 57.Ke3 Bxb5 58.Bxb6 Bc6 59.Bc5 h5 60.Be7
h4 61.Kf2 Kg4 62.Bf6 Bd5 63.Be7 Kh5 64.Ke3 g4 65.Kf4 g3 0-1

[Event "2 IECC, Ohrid"]
[Site "Ohrid MKD"]
[Date "2001.06.11"]
[Round "10.43"]
[White "Huzman, Alexander"]
[Black "Jaracz, Pawel"]
[Result "1-0"]
[WhiteElo "2578"]
[BlackElo "2484"]
[EventDate "2001.06.01"]
[PlyCount "119"]

1.c4 c5 2.Nc3 Nc6 3.g3 g6 4.Bg2 Bg7 5.a3 d6 6.Rb1 a5 7.e3 e5 8.Nge2 Nge7 
9.d3 O-O 10.O-O Be6 11.Nd5 Rb8 12.Nec3 Qd7 13.Qa4 Bf5 14.Ne4 Qd8 15.Nxe7+ 
Qxe7 16.Bd2 Bd7 17.Nc3 Qd8 18.Qc2 h5 19.Nb5 Be6 20.b4 axb4 21.axb4 h4 22.
Rb3 Bf6 23.Qb1 cxb4 24.Bxb4 Nxb4 25.Rxb4 d5 26.Nc3 dxc4 27.dxc4 hxg3 28.
hxg3 Be7 29.Ra4 Kg7 30.Rd1 Qc7 31.Nd5 Bxd5 32.Rxd5 Ra8 33.Rxa8 Rxa8 34.Qb5
Ra1+ 35.Kh2 Qc8 36.Rd7 Bc5 37.Rxb7 Qh8+ 38.Bh3 Ra2 39.Qxc5 Rxf2+ 40.Kg1 
Qxh3 41.Kxf2 Qh2+ 42.Kf1 Qh1+ 43.Ke2 Qxb7 44.Qxe5+ f6 45.Qd5 Qb2+ 46.Kd3 
Qa3+ 47.Ke4 f5+ 48.Kf4 Kh6 49.c5 Qa4+ 50.Ke5 Qe8+ 51.Kd4 Qa4+ 52.Qc4 Qc6 
53.Qd5 Qa4+ 54.Ke5 Qe8+ 55.Kf4 Qa4+ 56.Qd4 Qa8 57.c6 Qb8+ 58.Kf3 Qa8 59.
Qc4 Qa1 60.Qh4+ 1-0

[Event "2 IECC, Ohrid"]
[Site "Ohrid MKD"]
[Date "2001.06.11"]
[Round "10.44"]
[White "Moreno Carnero, Javier"]
[Black "Kruppa, Yuriy"]
[Result "1-0"]
[WhiteElo "2480"]
[BlackElo "2572"]
[EventDate "2001.06.01"]
[PlyCount "145"]

1.e4 e6 2.d4 d5 3.Nc3 Bb4 4.e5 c5 5.a3 Ba5 6.Bd2 Nc6 7.Qg4 Kf8 8.dxc5 Nxe5
9.Qg3 Ng6 10.Bd3 Bc7 11.f4 Bd7 12.Nge2 f5 13.O-O-O Nf6 14.h4 Ne7 15.Nd4 b6
16.cxb6 Bxb6 17.Nce2 Kf7 18.Nf3 Ng4 19.Bc3 Bf2 20.Ne5+ Nxe5 21.Qxf2 Ng4 
22.Qg3 Qb6 23.Bd4 Qb7 24.h5 Rhc8 25.Rh4 Rab8 26.Rxg4 fxg4 27.f5 Nc6 28.
fxe6+ Bxe6 29.Bc3 Kg8 30.h6 g6 31.Nd4 Nd8 32.Nxe6 Rxc3 33.bxc3 Nxe6 34.
Qxg4 Nc5 35.Qh4 Qc7 36.Qd4 Ne6 37.Qxd5 Qf4+ 38.Rd2 Kf7 39.Bc4 Rb6 40.Qf3 
Kf6 41.Qxf4+ Nxf4 42.g3 Nh5 43.g4 Nf4 44.Rd7 Rc6 45.Bb3 a5 46.Kb2 Kg5 47.
Rxh7 Kxg4 48.Rg7 g5 49.h7 Rh6 50.Bg8 Kf5 51.c4 Nh5 52.Ra7 g4 53.Rxa5+ Kg6 
54.Ra6+ Nf6 55.c5 g3 56.c6 g2 57.c7 g1=Q 58.c8=Q Qd4+ 59.Qc3 Qf4 60.Qb4 
Qe5+ 61.Ka2 Qe2 62.Qc4 Qxc4+ 63.Bxc4 Kxh7 64.a4 Kg7 65.a5 Rh4 66.Ra7+ Kf8 
67.Bb3 Ke8 68.a6 Ne4 69.Ra8+ Kd7 70.a7 Nc3+ 71.Kb2 Na4+ 72.Bxa4+ Rxa4 73.
Rh8 1-0

[Event "2 IECC, Ohrid"]
[Site "Ohrid MKD"]
[Date "2001.06.11"]
[Round "10.51"]
[White "Zelcic, Robert"]
[Black "Epishin, Vladimir"]
[Result "1/2-1/2"]
[WhiteElo "2503"]
[BlackElo "2579"]
[EventDate "2001.06.01"]
[PlyCount "32"]

1.e4 c6 2.d4 d5 3.Nc3 dxe4 4.Nxe4 Bf5 5.Ng3 Bg6 6.Bc4 e6 7.h4 h6 8.N1e2 
Nf6 9.Nf4 Bh7 10.O-O Bd6 11.Ngh5 O-O 12.Nxf6+ Qxf6 13.g3 Bf5 14.Bd3 Nd7 
15.Bxf5 Qxf5 16.Qd3 Qxd3 1/2-1/2

[Event "2 IECC, Ohrid"]
[Site "Ohrid MKD"]
[Date "2001.06.11"]
[Round "10.52"]
[White "Kuzmin, Gennady"]
[Black "Czebe, Attila"]
[Result "0-1"]
[WhiteElo "2582"]
[BlackElo "2502"]
[EventDate "2001.06.01"]
[PlyCount "142"]

1.e4 c5 2.Nf3 e6 3.d4 cxd4 4.Nxd4 Nf6 5.Nc3 Nc6 6.Ndb5 d6 7.Bf4 e5 8.Bg5 
a6 9.Na3 b5 10.Bxf6 gxf6 11.Nd5 f5 12.Bd3 Be6 13.O-O Bxd5 14.exd5 Ne7 15.
c3 Bg7 16.Qh5 e4 17.Bc2 Qc8 18.Rad1 Qc5 19.Bb1 b4 20.cxb4 Qxb4 21.Nc2 Qxb2
22.Ne3 Qf6 23.f3 Bh6 24.Rfe1 Bxe3+ 25.Rxe3 Ng6 26.Qh6 Rb8 27.Re2 Ke7 28.
fxe4 f4 29.e5 Nxe5 30.Qh3 Rhg8 31.Be4 Kf8 32.Rf1 Rg4 33.Qxh7 Re8 34.g3 Rg7
35.Rxf4 Qg5 36.Qh4 Qxh4 37.Rxh4 Kg8 38.Kg2 Ng6 39.Rg4 f5 40.Rxg6 Rxg6 41.
Bd3 Rxe2+ 42.Bxe2 a5 43.a4 Kg7 44.Bb5 Kf6 45.Kf3 Rg4 46.h4 Rb4 47.Bd7 Rd4 
48.Bc6 Ke5 49.Ke3 f4+ 50.gxf4+ Rxf4 51.h5 Rh4 52.Kd3 Kf6 53.Be8 Ke7 54.Bc6
Kd8 55.Kc3 Kc7 56.Be8 Kb6 57.Kd3 Kc5 58.Kc3 Kxd5 59.Kd3 Ke5 60.Ke3 Rf4 61.
Bb5 Kf5 62.h6 Re4+ 63.Kf3 Rh4 64.h7 Kf6 65.Bd3 Kg7 66.Be4 Rh3+ 67.Ke2 Rh2+
68.Ke1 Kf6 69.Bd3 Ke5 70.Bg6 Kf4 71.Kf1 Ke3 0-1

[Event "2 IECC, Ohrid"]
[Site "Ohrid MKD"]
[Date "2001.06.11"]
[Round "10.53"]
[White "Conquest, Stuart"]
[Black "De Vreugt, Dennis"]
[Result "1-0"]
[WhiteElo "2563"]
[BlackElo "2460"]
[EventDate "2001.06.01"]
[PlyCount "145"]

1.c4 e5 2.Nc3 Nc6 3.e3 Nf6 4.a3 g6 5.Nf3 d6 6.d4 Bg7 7.Be2 O-O 8.O-O Bf5 
9.d5 Ne7 10.b4 Ne4 11.Nxe4 Bxe4 12.Nd2 Bf5 13.Bb2 c6 14.e4 Bd7 15.c5 cxd5 
16.cxd6 Nc8 17.exd5 Nxd6 18.Nc4 Qe7 19.Re1 Rfe8 20.Qd2 Nxc4 21.Bxc4 Qd6 
22.Bb3 Bf8 23.Rac1 f6 24.h3 Kg7 25.Rc4 Rac8 26.Rh4 Kg8 27.Qe3 b6 28.Qd2 
Be6 29.f4 Bf7 30.fxe5 fxe5 31.Rhe4 Bg7 32.Qe3 Kf8 33.Qg3 Rc7 34.Kh2 b5 35.
Bd4 Bxd5 36.Bc5 Rxc5 37.Qf2+ Kg8 38.bxc5 Qe6 39.Bxd5 Qxd5 40.Qc2 Bf8 41.a4
Bxc5 42.axb5 Bd4 43.Qc6 Qxc6 44.bxc6 Rc8 45.Rc1 Kf7 46.Rc4 Rc7 47.Kg3 Kf6 
48.Kf3 Bb6 49.Re2 Kf5 50.g4+ Kf6 51.Ke4 Ke6 52.Rec2 Kd6 53.R2c3 Bf2 54.Rf3
Bh4 55.Rd3+ Ke6 56.Rc5 Bf6 57.g5 Bg7 58.h4 Bh8 59.Rd8 Bg7 60.Rc2 h6 61.Rg8
Kf7 62.Rb8 Ke6 63.Rb7 Kd6 64.gxh6 Bxh6 65.Rxc7 Kxc7 66.Kxe5 Bf8 67.Kf6 a5 
68.Kxg6 a4 69.h5 a3 70.h6 Bd6 71.h7 Be5 72.Ra2 Bb2 73.Rxa3 1-0

[Event "2 IECC, Ohrid"]
[Site "Ohrid MKD"]
[Date "2001.06.11"]
[Round "10.56"]
[White "Duric, Stefan"]
[Black "Turov, Maxim"]
[Result "1/2-1/2"]
[WhiteElo "2483"]
[BlackElo "2553"]
[EventDate "2001.06.01"]
[PlyCount "120"]

1.d4 Nf6 2.c4 g6 3.g3 Bg7 4.Bg2 d5 5.cxd5 Nxd5 6.e4 Nb6 7.Ne2 c5 8.d5 e6 
9.O-O O-O 10.Nec3 Na6 11.Bf4 exd5 12.exd5 c4 13.Qd2 Bf5 14.Bh6 Bxh6 15.
Qxh6 Qf6 16.Nd2 Nc5 17.Nf3 Nd3 18.Qd2 Rad8 19.Nh4 Rfe8 20.Nxf5 Qxf5 21.
Rad1 Nxd5 22.Nxd5 Rxd5 23.Bxd5 Qxd5 24.Rfe1 Re5 25.Rxe5 Qxe5 26.b3 b5 27.
Qe3 Qb2 28.Rd2 Qb1+ 29.Kg2 Ne1+ 30.Kh3 Nd3 31.Kg2 Ne1+ 32.Kh3 Nd3 33.Qe2 
h5 34.Kg2 Qa1 35.h4 a6 36.bxc4 bxc4 37.Rd1 Qd4 38.a4 Qd7 39.Rb1 c3 40.Kh2 
Nb2 41.Rc1 Nxa4 42.Rd1 Qf5 43.Kg2 Nc5 44.Rd8+ Kg7 45.Qe8 Kf6 46.Qh8+ Ke7 
47.Qf8+ Kf6 48.Qh8+ Ke7 49.Re8+ Kd6 50.Qf8+ Kd5 51.Re1 c2 52.Qd8+ Kc4 53.
Qb8 Nd3 54.Qc7+ Qc5 55.Qxf7+ Qd5+ 56.Re4+ Kc5 57.Qc7+ Kb5 58.Qb8+ Ka5 59.
Qc7+ Kb5 60.Qb8+ Ka5 1/2-1/2

[Event "2 IECC, Ohrid"]
[Site "Ohrid MKD"]
[Date "2001.06.11"]
[Round "10.57"]
[White "Mchedlishvili, Mikheil"]
[Black "Atalik, Suat"]
[Result "0-1"]
[WhiteElo "2416"]
[BlackElo "2537"]
[EventDate "2001.06.01"]
[PlyCount "92"]

1.d4 d5 2.c4 c6 3.Nf3 Nf6 4.e3 a6 5.Bd3 dxc4 6.Bxc4 b5 7.Bd3 c5 8.dxc5 Nc6
9.O-O e6 10.a4 b4 11.e4 Nd7 12.Be3 Bxc5 13.Qe2 O-O 14.Nbd2 Bxe3 15.Qxe3 
Nce5 16.Nxe5 Nxe5 17.Be2 a5 18.f4 Nd7 19.Rfd1 Ba6 20.Bxa6 Rxa6 21.Nb3 Qc7 
22.Rac1 Rc6 23.e5 g6 24.h3 Ra8 25.Qd4 Nb6 26.Rxc6 Qxc6 27.Nc5 Nxa4 28.Nd7 
Qc2 29.f5 Kh8 30.fxe6 fxe6 31.Rf1 Qc7 32.Rf7 Qa7 33.Qxa7 Rxa7 34.Re7 Nxb2 
35.Re8+ Kg7 36.Nf6 Nc4 37.Rg8+ Kh6 38.h4 Nxe5 39.g4 Nf3+ 40.Kf2 Nxh4 41.
Ne4 b3 42.Kg3 g5 43.Nxg5 Rg7 44.Nf7+ Rxf7 45.Kxh4 Rf4 46.Kg3 Rb4 0-1

[Event "2 IECC, Ohrid"]
[Site "Ohrid MKD"]
[Date "2001.06.11"]
[Round "10.58"]
[White "Bischoff, Klaus"]
[Black "Roder, Matthias"]
[Result "1-0"]
[WhiteElo "2533"]
[BlackElo "2459"]
[EventDate "2001.06.01"]
[PlyCount "85"]

1.c4 g6 2.d4 Bg7 3.e4 d6 4.Nc3 Nf6 5.f3 O-O 6.Be3 Nc6 7.Nge2 Rb8 8.Qd2 a6 
9.Rc1 Re8 10.g3 Bd7 11.Nd1 e5 12.d5 Ne7 13.Bg2 c5 14.b4 b6 15.Nf2 cxb4 16.
Qxb4 Bc8 17.O-O Qc7 18.Rb1 Nd7 19.Rfc1 Nc5 20.Qd2 Bd7 21.Nd3 f5 22.Nc3 Kh8
23.a4 Rec8 24.a5 f4 25.Bf2 fxg3 26.hxg3 Bh6 27.Qxh6 Nxd3 28.Bxb6 Qxc4 29.
Bf1 Rxb6 30.axb6 Qc5+ 31.Kh2 Nxc1 32.Qxc1 Rb8 33.b7 a5 34.Ne2 Qf2+ 35.Bg2 
Qc5 36.Qxc5 dxc5 37.Nc3 Kg7 38.Bh3 Be8 39.Rb6 Ng8 40.f4 Nf6 41.fxe5 Nd7 
42.Bxd7 Bxd7 43.e6 1-0

[Event "2 IECC, Ohrid"]
[Site "Ohrid MKD"]
[Date "2001.06.11"]
[Round "10.59"]
[White "Cyborowski, Lukasz"]
[Black "Agrest, Evgenij"]
[Result "1/2-1/2"]
[WhiteElo "2450"]
[BlackElo "2532"]
[EventDate "2001.06.01"]
[PlyCount "63"]

1.e4 d6 2.d4 Nf6 3.Nc3 g6 4.f4 Bg7 5.Bd3 e5 6.dxe5 dxe5 7.Nf3 exf4 8.Bxf4 
O-O 9.Qd2 Nc6 10.O-O-O Be6 11.Rhe1 Nd7 12.Bb5 a6 13.Bxc6 bxc6 14.Bg5 Qb8 
15.Bh6 Nb6 16.b3 Nc4 17.bxc4 Qb4 18.Bxg7 Qa3+ 19.Kb1 Rfb8+ 20.Nb5 Kxg7 21.
Qd4+ f6 22.Rd3 Qe7 23.Ng5 axb5 24.Nxe6+ Qxe6 25.Qd7+ Qf7 26.cxb5 Rxb5+ 27.
Kc1 Qxd7 28.Rxd7+ Kh6 29.Rxc7 Rc5 30.Kb2 Rb8+ 31.Kc1 Ra8 32.Kb2 1/2-1/2

[Event "2 IECC, Ohrid"]
[Site "Ohrid MKD"]
[Date "2001.06.11"]
[Round "10.62"]
[White "Basagic, Zlatko"]
[Black "Markowski, Tomasz"]
[Result "0-1"]
[WhiteElo "2345"]
[BlackElo "2592"]
[EventDate "2001.06.01"]
[PlyCount "56"]

1.d4 d6 2.g3 g6 3.Bg2 Bg7 4.Nf3 Nf6 5.O-O O-O 6.b3 c5 7.Bb2 cxd4 8.Nxd4 d5
9.c4 e5 10.Nb5 a6 11.N5a3 d4 12.c5 Nc6 13.Nc4 Qe7 14.Nb6 Rb8 15.Nxc8 Rbxc8
16.Ba3 e4 17.Nd2 b5 18.f3 e3 19.Ne4 Nxe4 20.fxe4 d3 21.Qb1 b4 22.Bb2 Bxb2 
23.Qxb2 d2 24.Qc2 Rfd8 25.a3 a5 26.axb4 axb4 27.Qc4 Ne5 28.Qxb4 Qxc5 0-1

[Event "2 IECC, Ohrid"]
[Site "Ohrid MKD"]
[Date "2001.06.11"]
[Round "10.63"]
[White "Nijboer, Friso"]
[Black "Konopka, Michal"]
[Result "1/2-1/2"]
[WhiteElo "2580"]
[BlackElo "2507"]
[EventDate "2001.06.01"]
[PlyCount "48"]

1.e4 d5 2.exd5 Qxd5 3.Nc3 Qa5 4.d4 c6 5.Bc4 Nf6 6.Bd2 Qc7 7.Nf3 e6 8.Qe2 
Bd6 9.O-O-O Nbd7 10.Rhe1 O-O 11.Ne5 a6 12.g4 c5 13.g5 cxd4 14.Nxf7 Rxf7 
15.Bxe6 Ne5 16.Bxf7+ Qxf7 17.gxf6 Bg4 18.Qe4 dxc3 19.Bxc3 Bxd1 20.Rxd1 Nc4
21.b3 Ba3+ 22.Kb1 Nd6 23.Qg4 g6 24.h4 Re8 1/2-1/2